Кондор принимает вызов: Роман

Xehetasun bibliografikoak
Egile nagusia: Соболев С. В. Сергей Викторович
Gaia:Исключено из фонда НТБ ТПУ
Hizkuntza:errusiera
Argitaratua: Москва, ЭКСМО-Пресс, 1998
Saila:Черная кошка
Formatua: Liburua
KOHA link:https://koha.lib.tpu.ru/cgi-bin/koha/opac-detail.pl?biblionumber=8366

MARC

LEADER 00000nam0a2200000 4500
001 8366
005 20231030181809.0
010 |a 5040017189 
035 |a (RuTPU)RU\TPU\book\8412 
035 |a BOOK00008471 
090 |a 8366 
100 |a 20011209d1998 m y0rusy50 ca 
101 0 |a rus 
102 |a RU 
105 |a y z 000ay 
200 1 |a Кондор принимает вызов  |e Роман  |f С. В. Соболев 
210 |a Москва  |c ЭКСМО-Пресс  |d 1998 
215 |a 432 с. 
225 1 |a Черная кошка 
333 |a Исключено из фонда НТБ ТПУ 
700 1 |a Соболев  |b С. В.  |g Сергей Викторович 
801 0 |a RU  |b 63413507  |c 20011209  |g PSBO 
801 2 |a RU  |b 63413507  |c 20170517  |g PSBO 
942 |c BK